书目信息 |
| 题名: |
英语教学中思维品质的培养
|
|
| 作者: | 李为昊 著 | |
| 分册: | ||
| 出版信息: | 沈阳 辽海出版社 2020 |
|
| 页数: | 183页 | |
| 开本: | 21cm | |
| 丛书名: | ||
| 单 册: | ||
| 中图分类: | G633.412 | |
| 科图分类: | ||
| 主题词: | 英语课--教学研究--高中 | |
| 电子资源: | ||
| ISBN: | 978-7-5451-5300-2 | |
| 000 | 00831nam0 2200217 450 | |
| 001 | 2341669331 | |
| 005 | 20231119113441.89 | |
| 010 | @a978-7-5451-5300-2@dCNY48.00 | |
| 100 | @a20200713d2020 em y0chiy50 ea | |
| 101 | 0 | @achi@aeng |
| 102 | @aCN@b210000 | |
| 105 | @ay z 000yy | |
| 200 | 1 | @a英语教学中思维品质的培养@Aying yu jiao xue zhong si wei pin zhi de pei yang@f李为昊著 |
| 210 | @a沈阳@c辽海出版社@d2020 | |
| 215 | @a183页@d21cm | |
| 330 | @a本书共分五章,内容包括:多元思维能力的培养与新课标下的高中英语教学、思维导图在高中英语教学中的应用分析、探究高中英语教学中思维能力的培养、高中英语教学中学生思维品质培养初探、思维品质在高中英语教学中的培养策略。 | |
| 606 | 0 | @a英语课@x教学研究@x高中 |
| 690 | @aG633.412@v5 | |
| 701 | 0 | @a李为昊@Ali wei hao@4著 |
| 801 | 0 | @aCN@b山东中教@c20231119 |
| 905 | @aBZT@dG633.412@e17 | |
| 英语教学中思维品质的培养/李为昊著.-沈阳:辽海出版社,2020 |
| 183页;21cm |
| ISBN 978-7-5451-5300-2:CNY48.00 |
| 本书共分五章,内容包括:多元思维能力的培养与新课标下的高中英语教学、思维导图在高中英语教学中的应用分析、探究高中英语教学中思维能力的培养、高中英语教学中学生思维品质培养初探、思维品质在高中英语教学中的培养策略。 |
| ● |
| 相关链接 |
|
|
|
正题名:英语教学中思维品质的培养
索取号:G633.412/17
 
预约/预借
| 序号 | 登录号 | 条形码 | 馆藏地/架位号 | 状态 | 备注 |
| 1 | 2000983487 | 2000983487 | 中教第一批/山东中教(第一批)/394/ [索取号:G633.412/17] | 在馆 | |
| 2 | 2000983488 | 2000983488 | 中教第一批/山东中教(第一批)/394/ [索取号:G633.412/17] | 在馆 | |
| 3 | 2000983489 | 2000983489 | 中教第一批/山东中教(第一批)/394/ [索取号:G633.412/17] | 在馆 | |
| 4 | 2000983490 | 2000983490 | 中教第一批/山东中教(第一批)/394/ [索取号:G633.412/17] | 在馆 | |
| 5 | 2000983491 | 2000983491 | 中教第一批/山东中教(第一批)/394/ [索取号:G633.412/17] | 在馆 | |
| 6 | 2000983492 | 2000983492 | 中教第一批/山东中教(第一批)/394/ [索取号:G633.412/17] | 在馆 |